[Event "RUS-chT blitz"]
[Site "Sochi"]
[Date "2015.05.10"]
[Round "1.26"]
[White "Bukavshin, Ivan"]
[Black "Skomorokhin, Vadim"]
[Result "1-0"]
[WhiteElo "2648"]
[BlackElo "2342"]
[PlyCount "85"]
[EventDate "2015.05.10"]
[EventType "team-swiss (blitz)"]
[EventRounds "11"]
[EventCountry "RUS"]
[SourceTitle "CBM 166 Extra"]
[Source "ChessBase"]
[SourceDate "2015.06.18"]
[SourceVersion "1"]
[SourceVersionDate "2015.06.18"]
[SourceQuality "1"]
[WhiteTeam "Samara Ladya"]
[BlackTeam "Kstovo Volga"]
[WhiteTeamCountry "RUS"]
[BlackTeamCountry "RUS"]

1. d4 Nf6 2. Nf3 a6 3. Bg5 Ne4 4. Bf4 d5 5. Nbd2 Bf5 6. e3 e6 7. Bd3 Bd6 8. 0-0 Bxf4 9. exf4 0-0 10. Re1 Nxd2 11. Qxd2 Bxd3 12. Qxd3 Nd7 13. c3 c5 14. dxc5 Nxc5 15. Qe3 Qb6 16. Rab1 Na4 17. Nd4 Rfe8 18. h4 Rac8 19. h5 h6 20. Qd2 Nc5 21. f3 Qd6 22. g4 Nd7 23. Kg2 b5 24. g5 hxg5 25. fxg5 e5 26. Nf5 Qe6 27. Ng3 f6 28. Rbd1 Nb6 29. gxf6 Qxf6 30. b3 Rcd8 31. Qe3 d4 32. cxd4 Nd5 33. Qe4 Nf4+ 34. Kf2 Qh4 35. Rh1 Qf6 36. dxe5 Rxd1 37. exf6 Rxe4 38. Rxd1 Re6 39. fxg7 Kxg7 40. Rd4 Nh3+ 41. Kg2 Ng5 42. Rg4 Kh6 43. Nf5+ 1-0

[Event "RUS-chT blitz"]
[Site "Sochi"]
[Date "2015.05.10"]
[Round "11.34"]
[White "Kovalev, Egor"]
[Black "Skomorokhin, Vadim"]
[Result "0-1"]
[WhiteElo "2125"]
[BlackElo "2342"]
[PlyCount "70"]
[EventDate "2015.05.10"]
[EventType "team-swiss (blitz)"]
[EventRounds "11"]
[EventCountry "RUS"]
[SourceTitle "CBM 166 Extra"]
[Source "ChessBase"]
[SourceDate "2015.06.18"]
[SourceVersion "1"]
[SourceVersionDate "2015.06.18"]
[SourceQuality "1"]
[WhiteTeam "Moscow Youth"]
[BlackTeam "Kstovo Volga"]
[WhiteTeamCountry "RUS"]
[BlackTeamCountry "RUS"]

1. Nf3 d5 2. g3 Nf6 3. Bg2 Bf5 4. 0-0 Nbd7 5. d4 e6 6. c4 c6 7. b3 h6 8. Bb2 Be7 9. Nbd2 0-0 10. Ne5 a5 11. f3 Bh7 12. Nxd7 Qxd7 13. e4 a4 14. e5 Ne8 15. f4 Nc7 16. Kh1 axb3 17. axb3 Rxa1 18. Bxa1 c5 19. dxc5 Bxc5 20. Ne4 Be7 21. Nd6 Bxd6 22. exd6 Qxd6 23. Be5 Qd8 24. Qd4 f6 25. Bxc7 Qxc7 26. cxd5 exd5 27. Qxd5+ Rf7 28. Rd1 Bc2 29. Qd8+ Qxd8 30. Rxd8+ Kh7 31. Rb8 Rd7 32. h3 Rd1+ 33. Kh2 Rd2 34. Kg1 Bxb3 35. Rxb7 Rxg2+ 0-1

[Event "RUS-chT2"]
[Site "Sochi"]
[Date "2015.05.05"]
[Round "5.10"]
[White "Skomorokhin, Vadim"]
[Black "Pogosian, Georgy"]
[Result "1/2-1/2"]
[WhiteElo "2342"]
[BlackElo "2220"]
[PlyCount "96"]
[EventDate "2015.05.01"]
[EventType "team-swiss"]
[EventRounds "7"]
[EventCountry "RUS"]
[SourceTitle "CBM 166 Extra"]
[Source "ChessBase"]
[SourceDate "2015.06.18"]
[SourceVersion "1"]
[SourceVersionDate "2015.06.18"]
[SourceQuality "1"]
[WhiteTeam "Kstovo Volga"]
[BlackTeam "Desnogorsk Atom"]
[WhiteTeamCountry "RUS"]
[BlackTeamCountry "RUS"]

1. d4 d5 2. Bg5 f6 3. Bh4 c5 4. c3 Nc6 5. e3 Qb6 6. b3 Bf5 7. g4 Be4 8. f3 Bg6 9. Bf2 e5 10. dxe5 Nxe5 11. Nh3 Nxf3+ 12. Qxf3 Be4 13. Qe2 Bxh1 14. Nd2 0-0-0 15. 0-0-0 Bd6 16. Nf4 Qa5 17. Kb2 Be5 18. Rc1 Ne7 19. g5 Kb8 20. Nd3 Bd6 21. gxf6 gxf6 22. Bh4 c4 23. Nb4 Be5 24. Bg3 Qc7 25. Bxe5 Qxe5 26. bxc4 Nf5 27. Bh3 Be4 28. cxd5 a5 29. Nc4 Qc7 30. Bxf5 Bxf5 31. d6 Qc5 32. Nc2 Bxc2 33. Rxc2 Rc8 34. Na3 Qxd6 35. Nb5 Qe5 36. a4 Rhd8 37. Rd2 Rxd2+ 38. Qxd2 h5 39. h3 h4 40. Qf2 Qc5 41. Qxh4 Qxe3 42. Qxf6 Qd2+ 43. Kb3 Qd1+ 44. Ka3 Qc1+ 45. Kb3 Qd1+ 46. Ka3 Qc1+ 47. Kb3 Qb1+ 48. Ka3 Qc1+ 1/2-1/2

[Event "RUS-chT2"]
[Site "Sochi"]
[Date "2015.05.03"]
[Round "3.9"]
[White "Skomorokhin, Vadim"]
[Black "Payanidi, Janis"]
[Result "1/2-1/2"]
[WhiteElo "2342"]
[BlackElo "2252"]
[PlyCount "103"]
[EventDate "2015.05.01"]
[EventType "team-swiss"]
[EventRounds "7"]
[EventCountry "RUS"]
[SourceTitle "CBM 166 Extra"]
[Source "ChessBase"]
[SourceDate "2015.06.18"]
[SourceVersion "1"]
[SourceVersionDate "2015.06.18"]
[SourceQuality "1"]
[WhiteTeam "Kstovo Volga"]
[BlackTeam "Moscow Youth"]
[WhiteTeamCountry "RUS"]
[BlackTeamCountry "RUS"]

1. d4 Nf6 2. Nf3 e6 3. Bg5 Be7 4. Nbd2 d5 5. Bxf6 Bxf6 6. e4 c5 7. exd5 exd5 8. Bb5+ Nc6 9. Qe2+ Be6 10. Nb3 c4 11. Bxc6+ bxc6 12. Nc5 Qd6 13. Nxe6 fxe6 14. 0-0 0-0 15. Rfe1 Rfe8 16. b3 c5 17. Rad1 cxb3 18. cxb3 Rac8 19. dxc5 Rxc5 20. Nd4 Rcc8 21. Qg4 Bxd4 22. Qxd4 Qc5 23. h3 Qxd4 24. Rxd4 a5 25. f4 Rc5 26. Kf2 Kf7 27. Re2 h6 28. h4 g5 29. g3 gxh4 30. gxh4 Kf6 31. b4 axb4 32. Rxb4 Rec8 33. Kf3 Rc3+ 34. Kf2 Rh3 35. a4 Rc6 36. Kg2 Ra3 37. h5 Ra6 38. Rb7 R3xa4 39. Rh7 Rxf4 40. Rxh6+ Kf5 41. Rh8 Rfa4 42. Rf8+ Kg4 43. Rf6 Re4 44. Rxe4+ dxe4 45. Kf2 Kg5 46. Rf8 Ra3 47. h6 Rh3 48. h7 Rxh7 49. Ke3 Rh4 50. Rf7 e5 51. Rf8 Rf4 52. Rg8+ 1/2-1/2

[Event "RUS-chT2"]
[Site "Sochi"]
[Date "2015.05.01"]
[Round "1.3"]
[White "Ofitserian, Boris"]
[Black "Skomorokhin, Vadim"]
[Result "1-0"]
[WhiteElo "2272"]
[BlackElo "2342"]
[PlyCount "69"]
[EventDate "2015.05.01"]
[EventType "team-swiss"]
[EventRounds "7"]
[EventCountry "RUS"]
[SourceTitle "CBM 166 Extra"]
[Source "ChessBase"]
[SourceDate "2015.06.18"]
[SourceVersion "1"]
[SourceVersionDate "2015.06.18"]
[SourceQuality "1"]
[WhiteTeam "Moscow Region"]
[BlackTeam "Kstovo Volga"]
[WhiteTeamCountry "RUS"]
[BlackTeamCountry "RUS"]

1. d4 Nf6 2. c4 a6 3. Nf3 c5 4. d5 b5 5. Qc2 d6 6. e4 g6 7. cxb5 Bg7 8. Nc3 0-0 9. a4 e6 10. dxe6 fxe6 11. Be3 Ng4 12. Bg5 Qc7 13. Be2 Nd7 14. h3 Ngf6 15. Qb3 Nb6 16. a5 axb5 17. Ra3 b4 18. axb6 Rxa3 19. bxa3 Qxb6 20. 0-0 Qb7 21. axb4 cxb4 22. Bxf6 Bxf6 23. Na2 Qxe4 24. Bd3 Qa8 25. Nxb4 Bd7 26. Bc4 Qc8 27. Rc1 Kg7 28. Nd3 e5 29. Bd5 Qe8 30. Qb7 Kh8 31. Rc7 Be6 32. Rxh7+ Kg8 33. Rc7 Kh8 34. Rh7+ Kg8 35. Ng5 1-0

[Event "Golden Sands Europe op 3rd"]
[Site "Golden Sands"]
[Date "2014.06.11"]
[Round "2"]
[White "Sedlak, Nikola"]
[Black "Skomorokhin, Vadim"]
[Result "1-0"]
[WhiteElo "2570"]
[BlackElo "2354"]
[PlyCount "65"]
[EventDate "2014.06.10"]
[EventType "swiss"]
[EventRounds "9"]
[EventCountry "BUL"]
[SourceTitle "CBM 160 Extra"]
[Source "ChessBase"]
[SourceDate "2014.07.01"]
[SourceVersion "1"]
[SourceVersionDate "2014.07.01"]
[SourceQuality "1"]

1. d4 Nf6 2. c4 a6 3. Nc3 c5 4. Nf3 cxd4 5. Nxd4 d5 6. cxd5 Nxd5 7. Bd2 e5 8. Nb3 Nc6 9. g3 Be6 10. Bg2 Bb4 11. 0-0 Rc8 12. Ne4 Be7 13. Nec5 Qb6 14. Nxe6 fxe6 15. e3 0-0 16. Qg4 Ncb4 17. Bxb4 Bxb4 18. Qe4 Bd6 19. Rac1 Rcd8 20. Bh3 Bb8 21. Nc5 Rf6 22. Rfd1 Kf7 23. Bxe6+ Rxe6 24. Rxd5 Rc6 25. Rcd1 Re8 26. Rd7+ Kg8 27. Rxg7+ Kxg7 28. Rd7+ Kf6 29. Qh4+ Kg6 30. Qxh7+ Kg5 31. Ne4+ Kg4 32. h3+ Kf3 33. Qh5+ 1-0

[Event "Golden Sands Europe op 3rd"]
[Site "Golden Sands"]
[Date "2014.06.10"]
[Round "1"]
[White "Skomorokhin, Vadim"]
[Black "Fisabilillah, Ummi"]
[Result "1-0"]
[WhiteElo "2354"]
[BlackElo "1844"]
[PlyCount "120"]
[EventDate "2014.06.10"]
[EventType "swiss"]
[EventRounds "9"]
[EventCountry "BUL"]
[SourceTitle "CBM 160 Extra"]
[Source "ChessBase"]
[SourceDate "2014.07.01"]
[SourceVersion "1"]
[SourceVersionDate "2014.07.01"]
[SourceQuality "1"]

1. d4 Nf6 2. Nf3 e6 3. Bg5 d5 4. Nbd2 Nbd7 5. e4 dxe4 6. Nxe4 h6 7. Bxf6 Nxf6 8. Bd3 Be7 9. Nxf6+ Bxf6 10. c3 Qd6 11. Qe2 Bd7 12. Ne5 Bxe5 13. dxe5 Qd5 14. 0-0 Bc6 15. f3 Rd8 16. Rfd1 Qc5+ 17. Kh1 0-0 18. h3 Rd7 19. Bc2 Rfd8 20. Rxd7 Rxd7 21. Rd1 Rxd1+ 22. Qxd1 Qd5 23. Qd4 Qxd4 24. cxd4 Bd5 25. a3 Kf8 26. Kg1 Ke7 27. Kf2 Kd7 28. h4 Ke7 29. Ke3 Kd7 30. Kf4 Ke7 31. Bd1 Bc4 32. g4 Bd5 33. g5 hxg5+ 34. Kxg5 Bc6 35. h5 Bd5 36. h6 gxh6+ 37. Kxh6 Bc6 38. Kg7 Bd5 39. b4 b5 40. f4 Bc6 41. Bh5 Be8 42. Bf3 Bd7 43. Be4 Be8 44. Bg2 c6 45. Be4 Bd7 46. Bf3 a6 47. Bg2 Be8 48. Be4 Bd7 49. Bf3 Be8 50. Bh5 Bd7 51. Bxf7 Bc8 52. Bg6 Bd7 53. Be4 Be8 54. f5 exf5 55. Bxf5 Bf7 56. Bc8 Bd5 57. Bxa6 Be6 58. Bb7 Bd7 59. d5 cxd5 60. Bxd5 Bf5 1-0

[Event "Golden Sands Europe op 2nd"]
[Site "Golden Sands"]
[Date "2013.06.17"]
[Round "8"]
[White "Dragomirescu, Calin"]
[Black "Skomorokhin, Vadim"]
[Result "1/2-1/2"]
[WhiteElo "2200"]
[BlackElo "2383"]
[PlyCount "141"]
[EventDate "2013.06.10"]
[EventType "swiss"]
[EventRounds "9"]
[EventCountry "BUL"]
[SourceTitle "CBM 154 Extra"]
[Source "ChessBase"]
[SourceDate "2013.06.25"]
[SourceVersion "2"]
[SourceVersionDate "2013.06.25"]
[SourceQuality "1"]

1. d4 Nf6 2. Nf3 a6 3. Nbd2 d5 4. e3 Bf5 5. c4 c6 6. Ne5 e6 7. Be2 Bd6 8. 0-0 Bxe5 9. dxe5 Nfd7 10. f4 f6 11. exf6 Qxf6 12. Nf3 0-0 13. Qd4 c5 14. Qxf6 gxf6 15. cxd5 exd5 16. Rd1 Nb6 17. b3 N8d7 18. Ba3 Rf7 19. Rac1 Re8 20. Nh4 Be4 21. Bh5 c4 22. Kf2 f5 23. Bxf7+ Kxf7 24. Nf3 Nf6 25. h3 Rc8 26. Bb2 h6 27. Bd4 Nbd7 28. Bxf6 Bxf3 29. gxf3 Nxf6 30. bxc4 dxc4 31. Rd6 Rc7 32. Rb1 c3 33. Ke2 b5 34. Rxa6 Nd5 35. Rxh6 Rc4 36. a3 Ke7 37. Rg1 c2 38. Kd2 Nxe3 39. Kxe3 c1Q+ 40. Rxc1 Rxc1 41. Kd4 Rf1 42. Ke5 Rxf3 43. Kxf5 Rxa3 44. Rh7+ Kf8 45. h4 b4 46. Rb7 Rb3 47. Kf6 Kg8 48. h5 Rb1 49. f5 b3 50. h6 b2 51. Rg7+ Kh8 52. Rg2 Kh7 53. Rc2 Kg8 54. Rc8+ Kh7 55. Rb8 Rh1 56. Rxb2 Kxh6 57. Rb7 Ra1 58. Kf7 Ra6 59. f6 Kg5 60. Rb5+ Kh6 61. Re5 Ra7+ 62. Re7 Ra6 63. Re6 Ra8 64. Re7 Ra6 65. Rd7 Kg5 66. Rd5+ Kh6 67. Rd1 Ra7+ 68. Ke6 Ra6+ 69. Ke7 Ra7+ 70. Rd7 Ra8 71. Kf7 1/2-1/2

[Event "Golden Sands Europe op 2nd"]
[Site "Golden Sands"]
[Date "2013.06.14"]
[Round "5"]
[White "Skomorokhin, Vadim"]
[Black "Ghosh, Diptayan"]
[Result "0-1"]
[WhiteElo "2383"]
[BlackElo "2477"]
[PlyCount "80"]
[EventDate "2013.06.10"]
[EventType "swiss"]
[EventRounds "9"]
[EventCountry "BUL"]
[SourceTitle "CBM 154 Extra"]
[Source "ChessBase"]
[SourceDate "2013.06.25"]
[SourceVersion "2"]
[SourceVersionDate "2013.06.25"]
[SourceQuality "1"]

1. d4 d5 2. Bg5 Nf6 3. Bxf6 exf6 4. g3 c6 5. c3 f5 6. e3 Nd7 7. Qc2 Nf6 8. Bd3 g6 9. Ne2 Bd6 10. c4 dxc4 11. Bxc4 Qe7 12. a3 Bd7 13. Nd2 c5 14. dxc5 Bxc5 15. Nb3 Bb6 16. Nbd4 Rc8 17. Qd3 0-0 18. 0-0 Rfd8 19. Rac1 Ne4 20. Ba2 Bc6 21. Rfd1 Ng5 22. Nxc6 bxc6 23. Qc3 Qe4 24. Nf4 Bc7 25. Rxd8+ Rxd8 26. Bd5 Nf3+ 27. Kg2 Rxd5 28. Nxd5 Ne5+ 29. Kf1 Qxd5 30. h4 Bb6 31. b4 Qh1+ 32. Ke2 Qf3+ 33. Ke1 Qd5 34. Rd1 Qb5 35. Kd2 a5 36. Kc2 axb4 37. axb4 h5 38. Ra1 Qd5 39. Ra8+ Kh7 40. f4 c5 0-1

[Event "Albena Masters op"]
[Site "Albena"]
[Date "2013.06.08"]
[Round "8"]
[White "Skomorokhin, Vadim"]
[Black "Karaivanov, Aleksander"]
[Result "1-0"]
[WhiteElo "2383"]
[BlackElo "1894"]
[PlyCount "134"]
[EventDate "2013.06.01"]
[EventType "swiss"]
[EventRounds "9"]
[EventCountry "BUL"]
[SourceTitle "EXT 2014"]
[Source "ChessBase"]
[SourceDate "2013.11.20"]
[SourceVersion "1"]
[SourceVersionDate "2013.11.20"]
[SourceQuality "1"]

1. d4 d5 2. Bg5 Nd7 3. c4 dxc4 4. e4 c5 5. Bxc4 cxd4 6. Qb3 Ne5 7. Nf3 Nxc4 8. Qxc4 f6 9. Bh4 e5 10. 0-0 Qb6 11. Nbd2 Be6 12. Qa4+ Bd7 13. Qd1 Qe6 14. Bg3 Bb4 15. a3 Ba5 16. Rc1 Bd8 17. Nh4 Ne7 18. f4 0-0 19. fxe5 fxe5 20. Rxf8+ Kxf8 21. Qh5 Kg8 22. Ndf3 g6 23. Qh6 Nc6 24. Rxc6 Bxc6 25. Bxe5 Qf7 26. Bxd4 Bxe4 27. Qe3 Qe6 28. Kh1 Bd5 29. Qd2 Qe4 30. Bc3 Bb6 31. Nxg6 Be3 32. Qxd5+ Qxd5 33. Ne7+ Kf8 34. Nxd5 Bf2 35. g3 Rd8 36. Nf4 Rd1+ 37. Kg2 Be3 38. Ne6+ Ke7 39. Ned4 Kd7 40. Nf5 Bc5 41. g4 Rc1 42. Ne5+ Ke6 43. Nd3 Rg1+ 44. Kf3 Bf8 45. h4 h6 46. Nf4+ Kf7 47. h5 Rf1+ 48. Ke4 Rg1 49. Ne3 Bg7 50. Bxg7 Kxg7 51. Kf5 Kf7 52. Nc4 b6 53. Nd6+ Kg7 54. Ne6+ Kh7 55. Ne4 Rf1+ 56. Ke5 Re1 57. Kd5 Kg8 58. Nd4 Kf7 59. Nf5 Re2 60. Nxh6+ Kg7 61. Nf5+ Kh8 62. b4 Ra2 63. g5 a5 64. g6 Rg2 65. g7+ Rxg7 66. Nxg7 Kxg7 67. bxa5 bxa5 1-0

[Event "Albena Masters op"]
[Site "Albena"]
[Date "2013.06.07"]
[Round "7"]
[White "Dimitrov, Dejan"]
[Black "Skomorokhin, Vadim"]
[Result "1-0"]
[WhiteElo "2029"]
[BlackElo "2383"]
[PlyCount "51"]
[EventDate "2013.06.01"]
[EventType "swiss"]
[EventRounds "9"]
[EventCountry "BUL"]
[SourceTitle "CBM 154 Extra"]
[Source "ChessBase"]
[SourceDate "2013.06.25"]
[SourceVersion "2"]
[SourceVersionDate "2013.06.25"]
[SourceQuality "1"]

1. e4 e6 2. d4 b6 3. Bd3 Bb7 4. Nc3 Bb4 5. Nge2 Nf6 6. 0-0 d5 7. e5 Nfd7 8. Nf4 g6 9. Qg4 Nf8 10. Nh5 Be7 11. Bh6 Kd7 12. Nf4 Kc8 13. Nfxd5 Bxd5 14. Nxd5 Qxd5 15. Be4 Qc4 16. Bxa8 c6 17. Qf3 Nfd7 18. Qxf7 Bf8 19. Qe8+ Kc7 20. Bg5 Be7 21. Qxe7 Qxd4 22. Bf6 Rf8 23. Rad1 Qc5 24. Rd6 Rxf6 25. Rxd7+ Nxd7 26. exf6 1-0

[Event "Albena Masters op"]
[Site "Albena"]
[Date "2013.06.06"]
[Round "6"]
[White "Skomorokhin, Vadim"]
[Black "Stoinev, Metodi"]
[Result "0-1"]
[WhiteElo "2383"]
[BlackElo "2236"]
[PlyCount "104"]
[EventDate "2013.06.01"]
[EventType "swiss"]
[EventRounds "9"]
[EventCountry "BUL"]
[SourceTitle "CBM 154 Extra"]
[Source "ChessBase"]
[SourceDate "2013.06.25"]
[SourceVersion "2"]
[SourceVersionDate "2013.06.25"]
[SourceQuality "1"]

1. d4 d5 2. Bg5 Nf6 3. Nd2 c6 4. c3 Bf5 5. Ngf3 h6 6. Bxf6 gxf6 7. g3 e6 8. Bg2 Qb6 9. Qb3 Nd7 10. Nh4 Bh7 11. e4 Be7 12. exd5 cxd5 13. 0-0 Bd3 14. Rfe1 f5 15. Re3 Qxb3 16. axb3 Be4 17. f3 Bg5 18. Rae1 Bxe3+ 19. Rxe3 f4 20. gxf4 Bh7 21. f5 Ke7 22. fxe6 fxe6 23. f4 Kd6 24. c4 Nf6 25. c5+ Kd7 26. Bh3 Rhg8+ 27. Kf1 Ng4 28. Rg3 h5 29. Bxg4 hxg4 30. Ke2 Raf8 31. Ng2 Bf5 32. Ne3 Rh8 33. Ndf1 Rh4 34. Kd2 Rf6 35. b4 a6 36. Rg2 Ke7 37. Ng3 Be4 38. Rf2 Bf3 39. f5 Rfh6 40. Ngf1 Kf6 41. fxe6 Kxe6 42. Kc3 Be4 43. Rd2 Rf6 44. b5 axb5 45. Kb4 Rf3 46. Ka5 Rhh3 47. Re2 Kd7 48. Kb6 Rh6+ 49. Kxb7 Rf7 50. Nxg4 Kd8+ 51. Kb8 Rhh7 52. c6 Rc7 0-1

[Event "RUS-ch sf"]
[Site "Kstovo"]
[Date "1998.??.??"]
[Round "7"]
[White "Krivonogov, Alexander"]
[Black "Skomorokhin, Vadim"]
[Result "1-0"]
[WhiteElo "2315"]
[BlackElo "2415"]
[PlyCount "53"]
[EventDate "1998.??.??"]
[EventType "swiss"]
[EventRounds "9"]
[EventCountry "RUS"]
[SourceTitle "EXT 2000"]
[Source "ChessBase"]
[SourceDate "1999.11.16"]
[SourceVersion "1"]
[SourceVersionDate "1999.11.16"]
[SourceQuality "1"]

1. d4 Nf6 2. Nf3 b5 3. Bg5 Bb7 4. Nbd2 d5 5. e3 a6 6. Bd3 Nbd7 7. 0-0 c5 8. c3 e6 9. Ne5 Nxe5 10. dxe5 h6 11. Bh4 g5 12. Bg3 Nd7 13. Qh5 c4 14. Bc2 Bc5 15. Nf3 Qe7 16. Nd4 0-0-0 17. f4 f5 18. exf6 Nxf6 19. Qe2 gxf4 20. exf4 Ne4 21. Kh1 h5 22. Bxe4 dxe4 23. f5 exf5 24. Rxf5 Rd5 25. Raf1 Rxf5 26. Rxf5 h4 27. Rxc5+ 1-0

[Event "RUS-Cup7"]
[Site "Kstovo"]
[Date "1997.??.??"]
[Round "2"]
[White "Chernikova, Svetlana"]
[Black "Skomorokhin, Vadim"]
[Result "1/2-1/2"]
[WhiteElo "2110"]
[BlackElo "2430"]
[PlyCount "34"]
[EventDate "1997.05.01"]
[EventType "swiss"]
[EventRounds "9"]
[EventCountry "RUS"]
[SourceTitle "EXT 1999"]
[Source "ChessBase"]
[SourceDate "1998.11.16"]
[SourceVersion "1"]
[SourceVersionDate "1998.11.16"]
[SourceQuality "1"]

1. e4 d5 2. exd5 Qxd5 3. Nc3 Qa5 4. g3 Nc6 5. Bg2 Nf6 6. Nf3 Bg4 7. h3 Bxf3 8. Qxf3 Qe5+ 9. Qe2 Qxe2+ 10. Kxe2 Nd4+ 11. Kd1 0-0-0 12. d3 c5 13. Be3 a6 14. Ne4 Nxe4 15. Bxe4 f5 16. Bxd4 fxe4 17. Bxc5 exd3 1/2-1/2

[Event "RUS-Cup7"]
[Site "Kstovo"]
[Date "1997.??.??"]
[Round "7"]
[White "Skomorokhin, Vadim"]
[Black "Usov, Alexey B"]
[Result "0-1"]
[WhiteElo "2430"]
[BlackElo "2340"]
[PlyCount "114"]
[EventDate "1997.05.01"]
[EventType "swiss"]
[EventRounds "9"]
[EventCountry "RUS"]
[SourceTitle "EXT 1999"]
[Source "ChessBase"]
[SourceDate "1998.11.16"]
[SourceVersion "1"]
[SourceVersionDate "1998.11.16"]
[SourceQuality "1"]

1. d4 Nf6 2. c4 c5 3. d5 b5 4. cxb5 a6 5. bxa6 Bxa6 6. Nc3 g6 7. Nf3 d6 8. Nd2 Bg7 9. g3 0-0 10. Bg2 Nbd7 11. 0-0 Qb6 12. h3 Rfb8 13. Qc2 Ra7 14. Rb1 Qb7 15. Rd1 Qa8 16. b3 Ne8 17. Bb2 Nc7 18. a4 Rab7 19. Kf1 Rb6 20. Ba1 Bc8 21. Nc4 R6b7 22. f4 Nb6 23. Kf2 Nxc4 24. bxc4 Rxb1 25. Rxb1 Rxb1 26. Qxb1 Bxc3 27. Bxc3 Qxa4 28. Qb8 Qd7 29. Ba1 Na6 30. Qb2 f6 31. Qb6 Qc7 32. Qb5 Qd7 33. Qa5 Qc7 34. Qc3 Qb6 35. g4 Qb4 36. Qc2 Kf7 37. Bf3 Bd7 38. h4 Ba4 39. Qe4 Nc7 40. f5 Qd2 41. fxg6+ hxg6 42. h5 Qg5 43. Bc3 Bd7 44. Ba5 f5 45. hxg6+ Kxg6 46. Qb1 Ne8 47. Bd8 Kf7 48. gxf5 Bxf5 49. Qh1 Nf6 50. Ba5 Qf4 51. Qh8 Bg4 52. Qh4 Qxc4 53. Bd2 Qd4+ 54. Be3 Ne4+ 55. Bxe4 Qxe4 56. Qh6 Qxd5 57. Qh7+ Ke8 0-1

[Event "Kstovo op"]
[Site "Kstovo"]
[Date "1994.??.??"]
[Round "7"]
[White "Kapeljus, Lazar"]
[Black "Skomorokhin, Vadim"]
[Result "1-0"]
[WhiteElo "2370"]
[BlackElo "2375"]
[PlyCount "167"]
[EventDate "1994.08.??"]
[EventType "swiss"]
[EventRounds "9"]
[EventCountry "RUS"]
[SourceTitle "CBM 042 Extra"]
[Source "ChessBase"]
[SourceDate "1994.11.01"]
[SourceVersion "1"]
[SourceVersionDate "1994.11.01"]
[SourceQuality "1"]

1. d4 d5 2. Nf3 c6 3. Bf4 Qb6 4. Qc1 Bg4 5. Ne5 Bh5 6. e3 f6 7. Nd3 Nd7 8. c4 dxc4 9. Qxc4 Bf7 10. Qc2 e5 11. dxe5 fxe5 12. Bg3 Ngf6 13. Nc3 e4 14. Ne5 Nxe5 15. Bxe5 Be7 16. Be2 0-0 17. 0-0 Rae8 18. Rad1 Kh8 19. b3 Bg6 20. Rd2 Qa5 21. Bd4 Bb4 22. Rdd1 Rd8 23. Na4 Rd5 24. Bxf6 gxf6 25. Rxd5 cxd5 26. Rd1 Bf5 27. Qb2 Be6 28. Rc1 Kg7 29. h3 Kg6 30. Rc2 Bd6 31. Qc1 f5 32. Nc3 a6 33. Qd2 Bb4 34. Qd4 Bd6 35. g3 Qc7 36. Bd1 Be5 37. Qd2 Qg7 38. Ne2 Kf7 39. Kf1 Kg8 40. Nd4 Bd7 41. Ne2 Be6 42. b4 Kh8 43. Rc5 Bd6 44. Rc1 f4 45. exf4 Bxh3+ 46. Kg1 d4 47. Qxd4 Qxd4 48. Nxd4 Bxb4 49. Kh2 Bf1 50. Bb3 Bd3 51. Ne6 Re8 52. Rc7 b5 53. g4 h6 54. Kh3 Be7 55. Rd7 Bf6 56. Rf7 Bc3 57. f5 Be1 58. Nf4 Bf1+ 59. Kh2 Rg8 60. Ng6+ Rxg6 61. fxg6 Bc4 62. Rh7+ Kg8 63. Kg2 Bd2 64. Re7 Bxb3 65. axb3 a5 66. Rxe4 Kg7 67. Re6 a4 68. bxa4 bxa4 69. Ra6 a3 70. Rxa3 Kxg6 71. Kg3 Be1 72. Re3 Bd2 73. Re6+ Kg5 74. Re5+ Kf6 75. f4 Bc1 76. Rh5 Kg6 77. Rc5 Bd2 78. Rc6+ Kg7 79. Kf3 Kh7 80. Ke4 Kg7 81. Kf5 Be3 82. Rc7+ Kg8 83. Kg6 Kf8 84. f5 1-0

[Event "Kstovo op"]
[Site "Kstovo"]
[Date "1994.??.??"]
[Round "1"]
[White "Loginov, Valery A"]
[Black "Skomorokhin, Vadim"]
[Result "1/2-1/2"]
[WhiteElo "2610"]
[BlackElo "2375"]
[PlyCount "22"]
[EventDate "1994.08.??"]
[EventType "swiss"]
[EventRounds "9"]
[EventCountry "RUS"]
[SourceTitle "CBM 042 Extra"]
[Source "ChessBase"]
[SourceDate "1994.11.01"]
[SourceVersion "1"]
[SourceVersionDate "1994.11.01"]
[SourceQuality "1"]

1. Nf3 Nf6 2. g3 g6 3. d4 Bg7 4. Bg2 0-0 5. 0-0 d6 6. c4 c6 7. Nc3 Nbd7 8. e4 e5 9. h3 exd4 10. Nxd4 Re8 11. Re1 Nc5 1/2-1/2

[Event "HUN-chT 9394"]
[Site "Hungary"]
[Date "1994.??.??"]
[Round "?"]
[White "Skomorokhin, Vadim"]
[Black "Kallai, Gabor"]
[Result "1/2-1/2"]
[WhiteElo "2375"]
[BlackElo "2490"]
[PlyCount "51"]
[EventDate "1993.??.??"]
[EventType "team"]
[EventRounds "13"]
[EventCountry "HUN"]
[SourceTitle "TD"]
[Source "ChessBase"]
[SourceDate "1994.03.01"]
[SourceVersion "1"]
[SourceVersionDate "1994.03.01"]
[SourceQuality "1"]

1. d4 d5 2. c4 c6 3. Nc3 Nf6 4. Nf3 e6 5. Bg5 Nbd7 6. e3 Be7 7. Qc2 0-0 8. Rd1 h6 9. Bh4 b6 10. cxd5 exd5 11. Bd3 Bb7 12. 0-0 Re8 13. Bg3 Bf8 14. h3 a6 15. Rfe1 c5 16. dxc5 bxc5 17. e4 d4 18. Nb1 Rc8 19. Na3 Nb6 20. Nd2 Nh5 21. Bh2 Qg5 22. Nac4 Nxc4 23. Nxc4 Nf4 24. Bxf4 Qxf4 25. Na5 Ba8 26. Nc4 1/2-1/2

[Event "Kstovo op"]
[Site "Kstovo"]
[Date "1994.??.??"]
[Round "6"]
[White "Skomorokhin, Vadim"]
[Black "Yasinsky, Vladimir"]
[Result "1/2-1/2"]
[WhiteElo "2375"]
[BlackElo "2360"]
[PlyCount "142"]
[EventDate "1994.08.??"]
[EventType "swiss"]
[EventRounds "9"]
[EventCountry "RUS"]
[SourceTitle "CBM 042 Extra"]
[Source "ChessBase"]
[SourceDate "1994.11.01"]
[SourceVersion "1"]
[SourceVersionDate "1994.11.01"]
[SourceQuality "1"]

1. d4 d5 2. c4 c6 3. Nc3 Nf6 4. Nf3 e6 5. cxd5 exd5 6. Bg5 Bf5 7. Qb3 Qb6 8. Qxb6 axb6 9. Bxf6 gxf6 10. Rc1 b5 11. a3 b4 12. axb4 Bxb4 13. Nh4 Bg6 14. Kd1 Nd7 15. e3 0-0 16. Nxg6 fxg6 17. Kc2 f5 18. Bd3 Nf6 19. Kb3 Bd6 20. h3 Ne4 21. Rc2 Ra5 22. f3 Nxc3 23. Rxc3 Re8 24. e4 fxe4 25. fxe4 dxe4 26. Re1 Kg7 27. Rxe4 Rb5+ 28. Kc2 Rxe4 29. Bxe4 Rb4 30. Rb3 Rxb3 31. Kxb3 Kf6 32. Kc4 b5+ 33. Kc3 c5 34. dxc5 Bxc5 35. b4 Bf2 36. Bd3 Be1+ 37. Kb3 Ke5 38. Bxb5 Kd6 39. Kc4 Bf2 40. Be8 Bg1 41. Kb5 Bf2 42. Ka6 Kc7 43. Bf7 Bg1 44. Bd5 g5 45. Bf3 h6 46. Kb5 Kd6 47. Bh5 Bf2 48. Kc4 Ke5 49. Kb3 Kd6 50. Kc2 Ke5 51. Kd3 Kf4 52. Bd1 Bg1 53. Bf3 Bf2 54. Ke2 Bg1 55. Bh5 Bb6 56. Bg4 Bg1 57. Kd3 Bf2 58. Bc8 Bg1 59. Bg4 Bf2 60. Kc3 Ke5 61. Kc4 Bg1 62. Bd1 Bf2 63. Kb5 Kd6 64. Ka6 Kc7 65. Ka5 Bg1 66. Ka4 Kd6 67. Bg4 Bf2 68. Kb3 Ke5 69. Kc3 Be1+ 70. Kc4 Bf2 71. Kb5 Kd6 1/2-1/2